[Event "III Memorial Oliver Gonzalez (Torneo A)"]
[Site "Polideportivo Daoiz y Velarde,"]
[Date "2012.09.07"]
[Round "7"]
[White "Remolar Gallen, Jose"]
[Black "Suarez Uriel, Adrian"]
[Result "1-0"]
[WhiteElo "2137"]
[BlackElo "2245"]
[PlyCount "65"]
[EventDate "2012.09.01"]
[EventRounds "9"]
[EventCountry "ESP"]

1. e4 c5 2. Nf3 g6 3. d4 cxd4 4. Qxd4 Nf6 5. e5 Nc6 6. Qa4 Nd5 7. Qe4 Ndb4 8.
Bb5 Qa5 9. Nc3 d5 10. exd6 Bf5 11. Qe5 O-O-O 12. Qxh8 Nxc2+ 13. Kf1 Nxa1 14.
Qxh7 Rxd6 15. Qxf7 Qd8 16. Be2 Nc2 17. Bf4 Re6 18. g4 Bxg4 19. Kg2 Rf6 20. Qc4
Qd7 21. Ne5 Bh3+ 22. Kg3 Qf5 23. Bd3 Qh5 24. Be2 Qh7 25. Nb5 g5 26. Nxa7+ Kc7
27. Nb5+ Kb6 28. Nd7+ Ka6 29. Nc7+ Ka7 30. Qa4+ Na5 31. Qxa5+ Ra6 32. Qc5+ b6
33. Nb5+ 1-0

[Event "III Memorial Oliver Gonzalez (Torneo A)"]
[Site "Polideportivo Daoiz y Velarde,"]
[Date "2012.09.07"]
[Round "7"]
[White "Cruz Alvarez De Ron, Dan"]
[Black "Anton Veiga, Juan Carlos"]
[Result "1/2-1/2"]
[WhiteElo "2233"]
[BlackElo "2126"]
[PlyCount "34"]
[EventDate "2012.09.01"]
[EventRounds "9"]
[EventCountry "ESP"]

1. g3 d5 2. Bg2 Nf6 3. d3 e6 4. Nd2 Be7 5. e4 Nc6 6. Ne2 O-O 7. O-O dxe4 8.
Nxe4 Nxe4 9. dxe4 e5 10. Be3 Be6 11. Qc1 Qc8 12. Re1 Rd8 13. a3 a5 14. Nc3 Rd7
15. Nd5 Qf8 16. Nxe7+ Qxe7 17. Bf1 Nd4 1/2-1/2

[Event "III Memorial Oliver Gonzalez (Torneo A)"]
[Site "Polideportivo Daoiz y Velarde,"]
[Date "2012.09.07"]
[Round "7"]
[White "Ballesteros Gonzalez, David"]
[Black "Pascual Palomo, Lucia"]
[Result "1-0"]
[WhiteElo "2227"]
[BlackElo "2120"]
[PlyCount "121"]
[EventDate "2012.09.01"]
[EventRounds "9"]
[EventCountry "ESP"]

1. d4 e6 2. c4 Nf6 3. Nf3 Bb4+ 4. Bd2 a5 5. a3 Bxd2+ 6. Qxd2 b6 7. g3 Bb7 8.
Bg2 O-O 9. Nc3 d6 10. O-O Nbd7 11. Qc2 Qe7 12. b4 e5 13. e3 Rfe8 14. Rfe1 Nf8
15. Red1 Ng6 16. Nxe5 Bxg2 17. Nxg6 hxg6 18. Kxg2 Qd7 19. Qe2 g5 20. h3 Qf5 21.
b5 Rac8 22. Rac1 g4 23. hxg4 Nxg4 24. Qf3 Qg5 25. Nd5 Re6 26. Rh1 f5 27. Rce1
Nh6 28. Rh5 Qd8 29. Reh1 Qe8 30. Rg5 Qf7 31. Qh5 Qxh5 32. Rgxh5 Kf7 33. Rc1 Re4
34. Kf3 Kg6 35. Rch1 Ree8 36. a4 Nf7 37. Kg2 Ng5 38. R5h4 Ne4 39. g4 fxg4 40.
Rxg4+ Kf5 41. Rxg7 Nd2 42. Ne7+ Ke4 43. Nxc8 Rxc8 44. Rhh7 Rf8 45. Re7+ Kd3 46.
Rxc7 Nxc4 47. Rh6 Rg8+ 48. Kh3 Nd2 49. Rxd6 Ne4 50. Rxb6 Nxf2+ 51. Kh4 Kxe3 52.
Re6+ Kxd4 53. Rd7+ Kc3 54. b6 Kb3 55. Re2 Rh8+ 56. Kg3 Nh1+ 57. Kg2 Kxa4 58. b7
Kb3 59. Red2 Rb8 60. R2d6 a4 61. Rb6+ 1-0

[Event "III Memorial Oliver Gonzalez (Torneo A)"]
[Site "Polideportivo Daoiz y Velarde,"]
[Date "2012.09.07"]
[Round "7"]
[White "Perez De Aranda A., Leonardo I"]
[Black "Vega Gomez, Francisco Borja"]
[Result "0-1"]
[WhiteElo "2113"]
[BlackElo "2220"]
[PlyCount "90"]
[EventDate "2012.09.01"]
[EventRounds "9"]
[EventCountry "ESP"]

1. e4 d5 2. exd5 Nf6 3. Be2 Nxd5 4. d4 g6 5. Nf3 Bg7 6. O-O O-O 7. Na3 Nc6 8.
Nc4 Nb6 9. c3 Nxc4 10. Bxc4 Bg4 11. Bf4 e5 12. dxe5 Qxd1 13. Raxd1 Bxf3 14.
gxf3 Nxe5 15. Bxe5 Bxe5 16. Rd7 Kg7 17. Re1 {(=)} Bd6 18. Bd5 Rad8 19. Rxd8
Rxd8 20. Bb3 Kf6 21. Kg2 b5 22. Re2 a5 23. Rd2 a4 24. Bd1 Re8 25. c4 bxc4 26.
Bxa4 Ra8 27. Bb5 Rxa2 28. Bxc4 Ra5 29. Rd5 Ra1 30. h4 h5 31. f4 Re1 32. Kf3 Rh1
33. b3 Rh3+ 34. Kg2 Rxh4 35. f5 g5 36. Ra5 Rg4+ 37. Kf1 h4 38. Ra8 h3 39. Rh8
h2 40. Bd5 Rg1+ 41. Ke2 Kxf5 42. Rh7 Kg6 43. Rh3 f5 44. b4 Rb1 45. Rh8 Rxb4 0-1

[Event "III Memorial Oliver Gonzalez (Torneo A)"]
[Site "Polideportivo Daoiz y Velarde,"]
[Date "2012.09.07"]
[Round "7"]
[White "Moreno Ibañez, Miguel"]
[Black "Gonzalez Mateos, Rafael"]
[Result "1-0"]
[WhiteElo "2093"]
[BlackElo "2161"]
[PlyCount "107"]
[EventDate "2012.09.01"]
[EventRounds "9"]
[EventCountry "ESP"]

1. e4 e6 2. d4 d5 3. e5 c5 4. c3 Qb6 5. Nf3 Nc6 6. a3 c4 7. Nbd2 f6 8. exf6
Nxf6 9. g3 Bd6 10. Bg2 O-O 11. O-O Bd7 12. Qe2 Rae8 13. Ne5 Bc8 14. h3 Nd7 15.
Nxd7 Bxd7 16. Kh2 Kh8 17. Nf3 e5 18. dxe5 Nxe5 19. Be3 Nxf3+ 20. Bxf3 Bc5 21.
Bxd5 Re5 22. Qxc4 Bxe3 23. fxe3 Rd8 24. Rf2 Qxe3 25. Raf1 Ree8 26. Qf4 Qxf4 27.
Rxf4 g5 28. Re4 Bc6 29. Bxc6 bxc6 30. Rxe8+ Rxe8 31. Rf2 Kg7 32. Rd2 Re7 33.
Kg2 h5 34. Kf3 Rf7+ 35. Ke4 g4 36. hxg4 hxg4 37. Rd6 c5 38. Rc6 Rb7 39. Rxc5
Rxb2 40. Kf4 Rb3 41. a4 Ra3 42. Rc4 a5 43. Kxg4 Kf6 44. Rc6+ Ke7 45. Rc4 Kd6
46. Kf5 Kd5 47. Rd4+ Kc5 48. Rf4 Rxc3 49. g4 Rd3 50. g5 Rd5+ 51. Kg6 Rd6+ 52.
Kh7 Kd5 53. g6 Ke5 54. Rf1 1-0

[Event "III Memorial Oliver Gonzalez (Torneo A)"]
[Site "Polideportivo Daoiz y Velarde,"]
[Date "2012.09.07"]
[Round "7"]
[White "Collado Barbas, Laura"]
[Black "Lopez Mulet, Inigo"]
[Result "1-0"]
[WhiteElo "2149"]
[BlackElo "2019"]
[PlyCount "107"]
[EventDate "2012.09.01"]
[EventRounds "9"]
[EventCountry "ESP"]

1. d4 Nf6 2. c4 c5 3. d5 g6 4. Nc3 d6 5. e4 Bg7 6. Bd3 O-O 7. h3 e6 8. Nf3 Na6
9. O-O Nc7 10. a4 Na6 11. Re1 e5 12. Be3 Ne8 13. Bg5 f6 14. Bh4 Nb4 15. Bb1 Bd7
16. Na2 Nxa2 17. Rxa2 Qc7 18. Ra3 h6 19. Nh2 g5 20. Bg3 f5 21. exf5 Bxf5 22. h4
Bxb1 23. Qxb1 gxh4 24. Bxh4 Nf6 25. Qd1 Qd7 26. Rg3 Kh8 27. Bxf6 Rxf6 28. Ng4
Rf4 29. b3 Raf8 30. f3 Qe7 31. Nf2 Bf6 32. Rh3 Bh4 33. Re2 Bg5 34. Ne4 Rg8 35.
Qd3 Rh4 36. Nxg5 hxg5 37. Rxh4+ gxh4 38. Qf5 Rg5 39. Qc8+ Kg7 40. Re4 Rg3 41.
Qf5 Rg5 42. Qh3 Rh5 43. Qg4+ Kh6 44. Qh3 Kg7 45. Kh2 Kh7 46. Kg1 Kg7 47. g3 Kh7
48. Kf2 Rh6 49. Qf5+ Kh8 50. Qc8+ Kg7 51. Rg4+ Kf6 52. Qg8 Kf5 53. Ke3 Qh7 54.
Qg5# 1-0

[Event "III Memorial Oliver Gonzalez (Torneo A)"]
[Site "Polideportivo Daoiz y Velarde,"]
[Date "2012.09.07"]
[Round "7"]
[White "Madurga Lopez, Ignacio"]
[Black "Gomez Gonzalez, Javier"]
[Result "0-1"]
[WhiteElo "2052"]
[BlackElo "2137"]
[PlyCount "110"]
[EventDate "2012.09.01"]
[EventRounds "9"]
[EventCountry "ESP"]

1. e4 c5 2. Nf3 d6 3. d4 cxd4 4. Nxd4 Nf6 5. Nc3 a6 6. Bc4 b5 7. Bb3 Nbd7 8.
Nd5 Bb7 9. O-O e6 10. Re1 Nc5 11. Nxf6+ Qxf6 12. f3 Be7 13. a4 bxa4 14. Bxa4+
Nxa4 15. Rxa4 O-O 16. Re3 Rab8 17. Rb3 d5 18. exd5 Rfd8 19. c3 Rxd5 20. Qe2
Rdd8 21. Ra5 h6 22. Be3 Qg6 23. Bf4 Bd6 24. Bxd6 Rxd6 25. h3 Rd7 26. Rxa6 Rbd8
27. Ra1 Bd5 28. Rba3 Qg5 29. Re1 Kh8 30. Qe3 Qg6 31. Raa1 Re8 32. Rad1 Rde7 33.
Ne2 Bb3 34. Rd4 e5 35. Rb4 Be6 36. Kh2 Rd8 {(=)} 37. Ng3 f6 38. Qe4 Qf7 39. Qe3
Red7 40. Ne4 Rd3 41. Qf2 Bc4 42. b3 Bxb3 43. Nc5 Rd2 44. Re2 Rxe2 45. Qxe2 Bd1
46. Qe3 Qd5 47. Ne4 Bc2 48. Kg3 f5 49. Qe2 Bd3 50. c4 Qd4 51. Qf2 fxe4 52. Qxd4
exd4 53. fxe4 Bxe4 54. Rb2 d3 55. Rd2 Rc8 0-1

[Event "III Memorial Oliver Gonzalez (Torneo A)"]
[Site "Polideportivo Daoiz y Velarde,"]
[Date "2012.09.07"]
[Round "7"]
[White "Montoya Pecurul, Marc"]
[Black "Adan Bermudez, Sergio"]
[Result "0-1"]
[WhiteElo "1925"]
[BlackElo "2308"]
[PlyCount "56"]
[EventDate "2012.09.01"]
[EventRounds "9"]
[EventCountry "ESP"]

1. e4 d6 2. d4 g6 3. Nc3 Bg7 4. Be3 c6 5. f3 b5 6. Qd2 Nd7 7. h4 h5 8. O-O-O
Nb6 9. Nh3 a5 10. Nf2 Nf6 11. Be2 Rb8 12. g4 b4 13. Nb1 Be6 14. g5 Nfd7 15. f4
Bxa2 16. f5 a4 17. e5 dxe5 18. fxg6 fxg6 19. dxe5 Nd5 20. e6 Ne5 21. Bd4 a3 22.
b3 O-O 23. Ne4 Rf4 24. Bd3 Nf3 25. Qxf4 Nxf4 26. Bxg7 Kxg7 27. Rhf1 Bxb1 28.
Rxf3 a2 0-1

[Event "III Memorial Oliver Gonzalez (Torneo A)"]
[Site "Polideportivo Daoiz y Velarde,"]
[Date "2012.09.07"]
[Round "7"]
[White "Garcia Salamero, Gabriel"]
[Black "Lorite Cruz, Francisco"]
[Result "1-0"]
[WhiteElo "2239"]
[BlackElo "2039"]
[PlyCount "43"]
[EventDate "2012.09.01"]
[EventRounds "9"]
[EventCountry "ESP"]

1. e4 e5 2. Nf3 Nc6 3. Bb5 a6 4. Ba4 Nf6 5. O-O Nxe4 6. d4 b5 7. Bb3 d5 8. dxe5
Be6 9. Nbd2 Nc5 10. c3 d4 11. Ng5 Qd7 12. Ndf3 Bxb3 13. axb3 Qd5 14. b4 Na4 15.
c4 Qd7 16. e6 fxe6 17. Nxe6 h6 18. Re1 Kf7 19. cxb5 axb5 20. Neg5+ hxg5 21.
Nxg5+ Kf6 22. Qf3+ 1-0

[Event "III Memorial Oliver Gonzalez (Torneo A)"]
[Site "Polideportivo Daoiz y Velarde,"]
[Date "2012.09.07"]
[Round "7"]
[White "Fernandez Blazquez, Diego"]
[Black "Pablos Tenrero, Raquel"]
[Result "1/2-1/2"]
[WhiteElo "2215"]
[BlackElo "1965"]
[PlyCount "71"]
[EventDate "2012.09.01"]
[EventRounds "9"]
[EventCountry "ESP"]

1. e4 e5 2. Nf3 Nc6 3. Bb5 a6 4. Ba4 Nge7 5. O-O g6 6. c3 Bg7 7. d4 exd4 8.
cxd4 b5 9. Bb3 O-O 10. Nc3 Na5 11. Bc2 d6 12. h3 Bb7 13. Re1 c5 14. Bg5 h6 15.
Bh4 Re8 16. Rc1 Qb6 17. Ne2 Nec6 18. d5 Nb4 19. a3 Nxc2 20. Qxc2 Nc4 21. Nc3
Qa5 22. Bg3 Rad8 23. Nd2 Nxd2 24. Qxd2 b4 25. Nb1 Qb6 26. axb4 cxb4 27. Kh1 Rc8
28. f3 a5 29. Bf2 Qb5 30. Bd4 Ba6 31. Bxg7 Kxg7 32. Qd4+ Kg8 33. Qf6 Qd7 34.
Qd4 Qb5 35. Qf6 Qd7 36. Qd4 1/2-1/2

[Event "III Memorial Oliver Gonzalez (Torneo A)"]
[Site "Polideportivo Daoiz y Velarde,"]
[Date "2012.09.07"]
[Round "7"]
[White "Barez Menendez, Hector"]
[Black "Santos Ruiz, Miguel"]
[Result "0-1"]
[WhiteElo "2167"]
[BlackElo "2050"]
[PlyCount "108"]
[EventDate "2012.09.01"]
[EventRounds "9"]
[EventCountry "ESP"]

1. d4 Nf6 2. Nf3 b6 3. c4 e6 4. e3 Bb7 5. Bd3 d5 6. O-O Bd6 7. Nc3 O-O 8. b3
Nbd7 9. Bb2 a6 10. Rc1 Ne4 11. Ne2 Qe7 12. Ng3 f5 13. Qe2 c6 14. Ne5 Bxe5 15.
dxe5 a5 16. a4 Qb4 17. cxd5 cxd5 18. Nxe4 fxe4 19. Bb5 Nc5 20. Bc3 Qxb3 21. Bd4
Ba6 22. Bxa6 Nxa6 23. Rb1 Qxa4 24. Rxb6 Nc7 25. Rc1 Rf7 26. Bc5 Qd7 27. Rd6 Qc8
28. Rc6 Qd7 29. Bd6 Ne8 30. Qc2 Nxd6 31. Rxd6 Qe8 32. Qc6 Qxc6 33. Rdxc6 Re7
34. f3 exf3 35. gxf3 Kf7 36. Kf2 a4 37. Ke2 a3 38. Kd3 a2 39. Ra1 Ra3+ 40. Rc3
Rea7 41. Kc2 Rxc3+ 42. Kxc3 Ra3+ 43. Kb4 Rxe3 44. Rxa2 Rxe5 45. Kc5 Re3 46. f4
Rf3 47. Ra4 Kf6 48. Kd6 Re3 49. Ra8 Re4 50. Rf8+ Kg6 51. f5+ exf5 52. Kxd5 Rh4
53. Ke5 Rxh2 54. Ra8 Rh4 0-1

[Event "III Memorial Oliver Gonzalez (Torneo A)"]
[Site "Polideportivo Daoiz y Velarde,"]
[Date "2012.09.07"]
[Round "7"]
[White "Martin Martin, Luis Vicente"]
[Black "Alvarez Abejon, Amilcar"]
[Result "0-1"]
[WhiteElo "2069"]
[BlackElo "2105"]
[PlyCount "48"]
[EventDate "2012.09.01"]
[EventRounds "9"]
[EventCountry "ESP"]

1. d4 Nf6 2. Bf4 g6 3. Nf3 Bg7 4. e3 O-O 5. h3 d6 6. Be2 c5 7. c3 Be6 8. O-O
Qb6 9. b3 Nc6 10. Bh2 Rac8 11. Nbd2 Qa5 12. dxc5 Nd5 13. Nc4 Qd8 14. Rc1 Nxc3
15. Qd2 Ne4 16. Qe1 Nxc5 17. Ng5 Bf5 18. Rd1 Bc2 19. Rc1 Nd3 20. Qd2 Nxc1 21.
Rxc1 Bf5 22. g4 Bd7 23. f4 b5 24. Nb2 Qa5 0-1

[Event "III Memorial Oliver Gonzalez (Torneo A)"]
[Site "Polideportivo Daoiz y Velarde,"]
[Date "2012.09.07"]
[Round "7"]
[White "Rabadan Velasco, Raul"]
[Black "Garcia-Ruiz Fuentes, Angel M"]
[Result "1-0"]
[WhiteElo "2347"]
[BlackElo "1943"]
[PlyCount "111"]
[EventDate "2012.09.01"]
[EventRounds "9"]
[EventCountry "ESP"]

1. d4 Nf6 2. c4 g6 3. Nc3 Bg7 4. e4 O-O 5. Nf3 d6 6. h3 e5 7. d5 a5 8. Be3 Na6
9. g4 Nd7 10. h4 Ndc5 11. Rg1 h6 12. h5 g5 13. Be2 Bd7 14. Nd2 Qe7 15. Nf1 Rfb8
16. Ng3 Qd8 17. Qd2 b6 18. f3 Rb7 19. Kf2 Qe8 20. Rab1 f6 21. b3 Nb8 22. Rgc1
Bf8 23. Kg2 Rba7 24. Bf2 Nba6 25. Nf1 Nb8 26. Ne3 Nba6 27. Bd1 Nb8 28. Nc2 Kh8
29. Na3 Qc8 30. Nab5 Ra6 31. a3 Kg8 32. Bc2 Kf7 33. Be3 Kg7 34. Rf1 Kh8 35. Rf2
Be8 36. Kh2 Bg7 37. Rg1 Nbd7 38. Ne2 Nf8 39. Ng3 Bxb5 40. cxb5 R6a7 41. Nf5 Qd7
42. Rfg2 Kh7 43. Qe2 Kg8 44. Qc4 Kh7 45. Rc1 Rc8 46. b4 Nb7 47. Bb1 axb4 48.
axb4 Raa8 49. Rgc2 Qd8 50. Qd3 Qd7 51. Qc4 Qd8 52. Rc3 Rab8 53. Bxb6 cxb6 54.
Qxc8 Rxc8 55. Rxc8 Qd7 56. R1c7 1-0

[Event "III Memorial Oliver Gonzalez (Torneo A)"]
[Site "Polideportivo Daoiz y Velarde,"]
[Date "2012.09.07"]
[Round "7"]
[White "Corisco Beltran, Rafael"]
[Black "Castellanos, Jorge"]
[Result "0-1"]
[WhiteElo "1979"]
[BlackElo "2201"]
[PlyCount "44"]
[EventDate "2012.09.01"]
[EventRounds "9"]
[EventCountry "ESP"]

1. e4 e6 2. d4 d5 3. Nc3 dxe4 4. Nxe4 Nd7 5. Nf3 Ngf6 6. Bd3 Nxe4 7. Bxe4 Nf6
8. Bd3 c5 9. O-O cxd4 10. Nxd4 a6 11. Re1 Qc7 12. Nf5 Bd7 13. Bg5 O-O-O 14. Nh6
Bc6 15. Ng4 Bb4 16. Re3 Bc5 17. Rh3 h5 18. Nxf6 gxf6 19. Bxf6 Qf4 20. Bh4 Rhg8
21. Bg3 Bxf2+ 22. Kh1 h4 0-1

[Event "III Memorial Oliver Gonzalez (Torneo A)"]
[Site "Polideportivo Daoiz y Velarde,"]
[Date "2012.09.07"]
[Round "7"]
[White "Lopez Ziegler, Carlos"]
[Black "Pastor Alonso De Prado, Albert"]
[Result "0-1"]
[WhiteElo "1918"]
[BlackElo "2172"]
[PlyCount "48"]
[EventDate "2012.09.01"]
[EventRounds "9"]
[EventCountry "ESP"]

1. e4 e5 2. Nf3 Nc6 3. Bb5 Bc5 4. O-O Qf6 5. c3 Nge7 6. d4 exd4 7. cxd4 Nxd4 8.
Nxd4 Bxd4 9. Qc2 c6 10. Bc4 O-O 11. Nc3 d6 12. Ne2 Bb6 13. Bf4 d5 14. e5 Qg6
15. Bd3 Bf5 16. Bxf5 Nxf5 17. Qd2 f6 18. exf6 Rxf6 19. Be5 Nh4 20. Bg3 Qe4 21.
Bxh4 Qxh4 22. g3 Qg4 23. Rae1 Raf8 24. Nf4 Rxf4 0-1

[Event "III Memorial Oliver Gonzalez (Torneo A)"]
[Site "Polideportivo Daoiz y Velarde,"]
[Date "2012.09.07"]
[Round "7"]
[White "Cardenas Serrano, Sergio"]
[Black "Ananian, Arman"]
[Result "0-1"]
[WhiteElo "2123"]
[BlackElo "1866"]
[PlyCount "40"]
[EventDate "2012.09.01"]
[EventRounds "9"]
[EventCountry "ESP"]

1. d4 Nf6 2. c4 g6 3. Nc3 Bg7 4. Nf3 O-O 5. Bf4 d6 6. e3 Nbd7 7. Be2 c6 8. O-O
Qe8 9. h3 e5 10. Bh2 Nh5 11. Ng5 f5 12. Bxh5 gxh5 13. b4 Kh8 14. Re1 Rg8 15.
Bg3 Bf6 16. h4 h6 17. Nh3 Qg6 18. dxe5 dxe5 19. Qd6 Nb6 20. Bxe5 Qxg2# 0-1

[Event "III Memorial Oliver Gonzalez (Torneo A)"]
[Site "Polideportivo Daoiz y Velarde,"]
[Date "2012.09.07"]
[Round "7"]
[White "Ginesta Caballero, Olga Lucia"]
[Black "De La Orden Alcocer, Alejandro"]
[Result "1-0"]
[WhiteElo "2099"]
[BlackElo "1857"]
[PlyCount "103"]
[EventDate "2012.09.01"]
[EventRounds "9"]
[EventCountry "ESP"]

1. e4 Nf6 2. e5 Nd5 3. d4 d6 4. c4 Nb6 5. exd6 exd6 6. Nc3 Be7 7. Bd3 Nc6 8.
Nge2 O-O 9. O-O Bf6 10. Be3 Nb4 11. d5 Nxd3 12. Qxd3 g6 13. Ng3 Bg7 14. f4 f5
15. Rae1 Bd7 16. b3 Qf6 17. Nge2 Rfe8 18. Bd4 Qf7 19. Bxg7 Kxg7 20. Qd4+ Qf6
21. Qxf6+ Kxf6 22. Nd4 a6 23. Kf2 Rad8 24. Rxe8 Rxe8 25. Re1 Rxe1 26. Kxe1 c5
27. dxc6 bxc6 28. Kd2 h6 29. Kd3 c5 30. Nc2 Bc6 31. Ne3 g5 32. g3 Ke6 33. a3
gxf4 34. gxf4 a5 35. a4 Bf3 36. Nb5 Be4+ 37. Kc3 Kd7 38. Kd2 d5 39. cxd5 Nxd5
40. Nxd5 Bxd5 41. Kc3 Kc6 42. Na3 Kb6 43. Nc4+ Ka6 44. Nd6 Be6 45. Nc4 Bd5 46.
Kd3 Be6 47. Ke3 Bxc4 48. bxc4 h5 49. Kf3 h4 50. Kg2 Kb6 51. Kh3 Kc6 52. Kxh4
1-0

[Event "III Memorial Oliver Gonzalez (Torneo A)"]
[Site "Polideportivo Daoiz y Velarde,"]
[Date "2012.09.07"]
[Round "7"]
[White "Perez Cameselle, Francisco"]
[Black "Coleto Calderon, Jose Antonio"]
[Result "1/2-1/2"]
[WhiteElo "1836"]
[BlackElo "2096"]
[PlyCount "81"]
[EventDate "2012.09.01"]
[EventRounds "9"]
[EventCountry "ESP"]

1. e4 e5 2. Nf3 d6 3. d4 Nd7 4. Nc3 c6 5. Bc4 Be7 6. O-O Ngf6 7. a4 a5 8. h3
O-O 9. Be3 Qc7 10. Re1 h6 11. Bf1 Re8 12. d5 Nf8 13. Qd2 N6h7 14. g4 Qd8 15.
Ne2 Ng5 16. Nxg5 Bxg5 17. Bxg5 Qxg5 18. Qxg5 hxg5 19. dxc6 bxc6 20. Red1 Rd8
21. Rd2 Ra7 22. Rad1 Rad7 23. Nc1 Ne6 24. Nb3 Nd4 25. Nxd4 exd4 26. Rxd4 Kf8
27. Bc4 Ke7 28. R4d3 Bb7 29. Rf3 Rf8 30. Rf5 c5 31. Bd5 Bxd5 32. Rfxd5 f6 33.
R1d3 Rb8 34. b3 Ke6 35. Kg2 Rh8 36. Kg3 Ke7 37. Kg2 Rb8 38. Rd2 Rb4 39. f3 Ke6
40. Kf2 Rb8 41. Kg3 1/2-1/2

[Event "III Memorial Oliver Gonzalez (Torneo A)"]
[Site "Polideportivo Daoiz y Velarde,"]
[Date "2012.09.07"]
[Round "7"]
[White "Largo Barbero, Benito"]
[Black "Spitzer Isbert, Ramon"]
[Result "0-1"]
[WhiteElo "1885"]
[BlackElo "2078"]
[PlyCount "92"]
[EventDate "2012.09.01"]
[EventRounds "9"]
[EventCountry "ESP"]

1. Nc3 c5 2. e4 Nc6 3. g3 d6 4. Bg2 g6 5. d3 Bg7 6. Be3 Rb8 7. Nf3 e5 8. Ne2
Nge7 9. Qd2 O-O 10. Bh6 Be6 11. Bxg7 Kxg7 12. h4 f6 13. h5 g5 14. h6+ Kh8 15.
Nh2 d5 16. f4 gxf4 17. gxf4 Rg8 18. Bf3 dxe4 19. Bxe4 Qb6 20. O-O-O Rbd8 21.
Rhg1 c4 22. Rxg8+ Rxg8 23. Nf3 cxd3 24. Bxd3 Qf2 25. Nfg1 Nf5 26. Bxf5 Bxf5 27.
Qd6 Qh2 28. Nf3 Qxh6 29. Rf1 Rg2 30. Nfg1 Rg8 31. Kb1 Rd8 32. Qc5 Qg6 33. a3 e4
34. Nc3 e3 35. Nge2 Bxc2+ 36. Ka1 Bd3 37. Rg1 Qe8 38. Nd5 Qe6 39. Ndc3 b6 40.
Qh5 Na5 41. Nc1 Bc2 42. Qh6 Qf7 43. f5 Nc4 44. Rg6 Rd6 45. Nd5 e2 46. Nxe2 Rxd5
0-1

[Event "III Memorial Oliver Gonzalez (Torneo A)"]
[Site "Polideportivo Daoiz y Velarde,"]
[Date "2012.09.07"]
[Round "7"]
[White "Blanco Sanchez, Jose Fernando"]
[Black "Veiga Rodriguez, Pablo"]
[Result "1-0"]
[WhiteElo "2107"]
[BlackElo "1602"]
[PlyCount "47"]
[EventDate "2012.09.01"]
[EventRounds "9"]
[EventCountry "ESP"]

1. e4 c5 2. Nf3 e6 3. c3 Nf6 4. e5 Nd5 5. d4 cxd4 6. Bc4 dxc3 7. Bxd5 cxb2 8.
Bxb2 exd5 9. O-O Na6 10. Nc3 Nc7 11. Nxd5 Nxd5 12. Qxd5 d6 13. exd6 Qxd6 14.
Rfe1+ Be6 15. Rxe6+ fxe6 16. Qh5+ g6 17. Qb5+ Kf7 18. Qxb7+ Qe7 19. Ne5+ Kg8
20. Qxa8 Qg7 21. Qe8 Qe7 22. Qc8 Qd6 23. Ng4 h5 24. Nf6+ 1-0

[Event "III Memorial Oliver Gonzalez (Torneo A)"]
[Site "Polideportivo Daoiz y Velarde,"]
[Date "2012.09.07"]
[Round "7"]
[White "Martin Prior, Francisco Jose"]
[Black "Angelina Vela, Carlos"]
[Result "1-0"]
[WhiteElo "1867"]
[BlackElo "2013"]
[PlyCount "125"]
[EventDate "2012.09.01"]
[EventRounds "9"]
[EventCountry "ESP"]

1. d4 d5 2. c4 e6 3. Nf3 Nf6 4. Nc3 Be7 5. Bg5 O-O 6. e3 h6 7. Bh4 Ne4 8. Bxe7
Qxe7 9. Qc2 Nxc3 10. bxc3 c6 11. Bd3 Nd7 12. O-O dxc4 13. Bxc4 e5 14. a4 e4 15.
Nd2 Nf6 16. Ba2 Bg4 17. Nc4 Be6 18. Ne5 Bxa2 19. Qxa2 Nd7 20. Ng6 Qg5 21. Nxf8
Rxf8 22. Rab1 b6 23. a5 Re8 24. axb6 axb6 25. Qa7 Qf5 26. Qc7 c5 27. Ra1 Nf6
28. Qxb6 Nd5 29. Qxc5 Re6 30. c4 Rg6 31. Ra8+ Kh7 32. Qc8 Rxg2+ 33. Kxg2 Qf3+
34. Kg1 Ne7 35. Qh8+ Kg6 36. Ra6+ f6 37. Qe8+ Kh7 38. Re1 Nf5 39. Qc6 Nh4 40.
Kf1 Qg2+ 41. Ke2 Qg4+ 42. Kd2 Nf3+ 43. Kc3 Nxe1 44. Qe6 Qf3 45. Ra5 Qd1 46.
Qf5+ Kg8 47. Ra8+ Kf7 48. Qd7+ Kg6 49. Qe8+ Kg5 50. Ra5+ f5 51. Qe7+ Kg4 52.
Qxg7+ Kf3 53. Rxf5+ Ke2 54. Qg4+ Nf3 55. Qxe4 Qd2+ 56. Kb3 Ne1 57. Rb5 Qd1+ 58.
Kb4 Nd3+ 59. Ka5 Qe1+ 60. Kb6 Qxf2 61. c5 Qf6+ 62. c6 Qd8+ 63. c7 1-0

[Event "III Memorial Oliver Gonzalez (Torneo A)"]
[Site "Polideportivo Daoiz y Velarde,"]
[Date "2012.09.08"]
[Round "8"]
[White "Hernandez Carmenates, Holden"]
[Black "Anton Guijarro, David"]
[Result "1-0"]
[WhiteElo "2561"]
[BlackElo "2546"]
[PlyCount "53"]
[EventDate "2012.09.01"]
[EventRounds "9"]
[EventCountry "ESP"]

1. d4 Nf6 2. c4 g6 3. Nc3 Bg7 4. e4 d6 5. Nf3 O-O 6. Be2 Bg4 7. O-O Nfd7 8. d5
c6 9. Be3 Bxf3 10. Bxf3 Na6 11. Rc1 Rc8 12. Bg4 cxd5 13. cxd5 Rc4 14. Qe2 Ne5
15. Bh3 Nb4 16. Rfd1 b5 17. a3 Nbd3 18. Rxd3 Nxd3 19. Qxd3 Qc7 20. g3 a6 21.
Bf1 Qb7 22. Qd1 Rc7 23. Bd4 Bh6 24. Rc2 Rfc8 25. e5 a5 26. exd6 exd6 27. Bxb5
1-0

[Event "III Memorial Oliver Gonzalez (Torneo A)"]
[Site "Polideportivo Daoiz y Velarde,"]
[Date "2012.09.08"]
[Round "8"]
[White "Arribas Lopez, Angel"]
[Black "Forcen Esteban, Daniel"]
[Result "1/2-1/2"]
[WhiteElo "2467"]
[BlackElo "2469"]
[PlyCount "76"]
[EventDate "2012.09.01"]
[EventRounds "9"]
[EventCountry "ESP"]

1. e4 c5 2. Nf3 d6 3. c3 Nf6 4. h3 Nc6 5. Bd3 d5 6. e5 Ng8 7. O-O e6 8. Bc2 d4
9. Be4 Nge7 10. Na3 Ng6 11. Nc4 Be7 12. cxd4 cxd4 13. a3 Bd7 14. b4 b5 15. Na5
Nxa5 16. Bxa8 Qxa8 17. bxa5 Bc6 18. d3 Bxf3 19. Qxf3 Qxf3 20. gxf3 Nxe5 21. f4
Nc6 22. a6 Kd7 23. Bd2 Rb8 24. Rfb1 Rb6 25. Rb3 Bd6 26. Kf1 Ne7 27. Ba5 Rxa6
28. Rxb5 Kc6 29. a4 Bxf4 30. Ra2 Nd5 31. Rc2+ Kd6 32. Rc4 e5 33. Rc8 Nb6 34.
Bb4+ Kd7 35. Rf8 Rxa4 36. Rxf7+ Kc6 37. Rc5+ Kd6 38. Rb5+ Kc6 1/2-1/2

[Event "III Memorial Oliver Gonzalez (Torneo A)"]
[Site "Polideportivo Daoiz y Velarde,"]
[Date "2012.09.08"]
[Round "8"]
[White "Rodrigo Yanguas, Maria"]
[Black "Moreno Ruiz, Javier"]
[Result "0-1"]
[WhiteElo "2171"]
[BlackElo "2492"]
[PlyCount "64"]
[EventDate "2012.09.01"]
[EventRounds "9"]
[EventCountry "ESP"]

1. e4 c5 2. Nf3 e6 3. d4 cxd4 4. Nxd4 Nf6 5. Nc3 Nc6 6. Nxc6 bxc6 7. e5 Nd5 8.
Nxd5 cxd5 9. Bd3 Qc7 10. O-O Qxe5 11. Re1 Qf6 12. Re3 Bc5 13. Rf3 Qe7 14. Rg3
Bd4 15. Qg4 Bf6 16. Bd2 a5 17. Re1 Ba6 18. f4 Bxd3 19. Rxd3 Qc5+ 20. Kh1 Qxc2
21. Rxd5 Qxb2 22. f5 O-O 23. Rxd7 Qxa2 24. fxe6 fxe6 25. Bh6 Rf7 26. Rxf7 Kxf7
27. Bg5 Qd5 28. Bxf6 gxf6 29. Rd1 Rg8 30. Rxd5 Rxg4 31. Rxa5 Rb4 32. Ra2 Rb1#
0-1

[Event "III Memorial Oliver Gonzalez (Torneo A)"]
[Site "Polideportivo Daoiz y Velarde,"]
[Date "2012.09.08"]
[Round "8"]
[White "Lariño Nieto, David"]
[Black "Solaesa Navalpotro, Luis Julio"]
[Result "1-0"]
[WhiteElo "2487"]
[BlackElo "2235"]
[PlyCount "57"]
[EventDate "2012.09.01"]
[EventRounds "9"]
[EventCountry "ESP"]

1. e4 c6 2. b3 d5 3. Bb2 dxe4 4. Nc3 Nd7 5. Nge2 e6 6. Nxe4 Ngf6 7. N2g3 Be7 8.
Qf3 Nxe4 9. Nxe4 Nf6 10. Bd3 Nxe4 11. Bxe4 O-O 12. d4 Qa5+ 13. c3 e5 14. dxe5
Qxe5 15. O-O Be6 16. Rae1 Qg5 17. c4 Rad8 18. Bb1 Bd6 19. Qc3 Qh6 20. g3 Be7
21. Re4 Bf6 22. Qf3 Bxb2 23. Rh4 Qg5 24. Bxh7+ Kh8 25. Bf5+ Kg8 26. Rh5 Qf6 27.
Bh7+ Kh8 28. Bg6+ Kg8 29. Rh8+ 1-0